000 00571nam a2200181Ia 4500
008 090123s9999 xx 000 0 und d
082 _b30048
_a923.254/साह
100 _aसाहनी भिष्म
245 _aमाझा भाऊ बलराज
250 _a2
260 _bनॅशनल प्रकाशन
300 _a106
600 _aसाहनी भिष्म
630 _aमाझा भाऊ बलराज
700 _aसाहनी भिष्म
730 _aमाझा भाऊ बलराज
942 _cBOOK
999 _c68981
_d68981